[Event "Guernsey International Holiday 2014"]
[Site "Guernsey, GCI"]
[Date "2014.10.24"]
[Round "6"]
[White "Cook, Chris RD"]
[Black "Spanjersberg, Hans"]
[Result "1/2-1/2"]
[WhiteElo "1765"]
[BlackElo "1648"]
[PlyCount "56"]
[EventDate "2014.10.19"]
[EventType "swiss"]
[EventRounds "7"]
[SourceDate "2015.01.07"]

1. c4 e6 2. Nc3 Bb4 3. g3 f5 4. Bg2 Nf6 5. Nf3 O-O 6. O-O a5 7. a3 Be7 8. d3 d6
9. Bd2 c6 10. b4 axb4 11. axb4 Rxa1 12. Qxa1 h6 13. Rb1 Qe8 14. b5 c5 15. Qb2
b6 16. Ra1 Nfd7 17. Qc1 Bf6 18. Ra7 Qh5 19. Qe1 g5 20. Kh1 Qg6 21. e4 Bxc3 22.
Bxc3 fxe4 23. dxe4 e5 24. Qe3 Nf6 25. Nxe5 dxe5 26. Bxe5 Nbd7 27. Bd6 Re8 28.
Qd3 g4 1/2-1/2

[Event "Guernsey International Holiday 2014"]
[Site "Guernsey, GCI"]
[Date "2014.10.24"]
[Round "6"]
[White "Savident, David B"]
[Black "Day, Fred"]
[Result "1/2-1/2"]
[WhiteElo "1734"]
[BlackElo "1420"]
[PlyCount "109"]
[EventDate "2014.10.19"]
[EventType "swiss"]
[EventRounds "7"]
[SourceDate "2015.01.07"]

1. e4 Nf6 2. e5 Nd5 3. c4 Nb6 4. d4 d6 5. exd6 cxd6 6. Nc3 Bf5 7. Nf3 e6 8. Bd3
Bxd3 9. Qxd3 Be7 10. O-O N8d7 11. Bf4 Nf6 12. Rad1 O-O 13. b3 a6 14. Rfe1 Nh5
15. Be3 g6 16. Qe2 d5 17. c5 Nd7 18. Bh6 Re8 19. Na4 Ng7 20. Bxg7 Kxg7 21. Ne5
Bf6 22. Nxd7 Qxd7 23. Nb6 Qc6 24. Nxa8 Rxa8 25. Rd3 Qb5 26. Qd2 Bd8 27. b4 a5
28. a3 axb4 29. axb4 Ra4 30. Rb1 Bf6 31. g4 h6 32. Rh3 g5 33. Qd3 Qe8 34. Re3
Qa8 35. Kg2 Qb8 36. Rf3 Ra2 37. Qb3 Rd2 38. Rd3 Re2 39. Rb2 Re4 40. f3 Rf4 41.
Qd1 h5 42. h3 h4 43. Re2 Qc7 44. Qe1 Bxd4 45. Ra2 b6 46. c6 Bf6 47. b5 Be7 48.
Ra6 Rb4 49. Ra2 Rf4 50. Rb3 Bd6 51. Qa1+ Be5 52. Ra7 Qd6 53. Qe1 Rc4 54. Qd2
Bf4 55. Qb2+ 1/2-1/2

[Event "Guernsey International Holiday 2014"]
[Site "Guernsey, GCI"]
[Date "2014.10.24"]
[Round "6"]
[White "Kemperink, Han"]
[Black "Kirk, Matthew"]
[Result "1/2-1/2"]
[WhiteElo "1651"]
[BlackElo "1726"]
[PlyCount "50"]
[EventDate "2014.10.19"]
[EventType "swiss"]
[EventRounds "7"]
[SourceDate "2015.01.07"]

1. e4 c6 2. d4 d5 3. e5 Bf5 4. g4 Be4 5. f3 Bg6 6. Ne2 e6 7. c3 h5 8. g5 Nd7 9.
h4 Ne7 10. Ng3 c5 11. Bd3 Bxd3 12. Qxd3 Qb6 13. Na3 c4 14. Qe2 g6 15. b3 cxb3
16. axb3 a6 17. Be3 Qxb3 18. Nb5 Kd8 19. Nd6 Rh7 20. O-O Nf5 21. Ngxf5 gxf5 22.
Rfb1 Qxc3 23. Rc1 Qb3 24. Rcb1 Qc3 25. Rc1 Qb3 1/2-1/2

[Event "Guernsey International Holiday 2014"]
[Site "Guernsey, GCI"]
[Date "2014.10.24"]
[Round "6"]
[White "Van Hoek, Wim"]
[Black "Goman, Colin"]
[Result "1-0"]
[WhiteElo "1720"]
[BlackElo "1516"]
[PlyCount "41"]
[EventDate "2014.10.19"]
[EventType "swiss"]
[EventRounds "7"]
[SourceDate "2015.01.07"]

1. e3 b6 2. f4 Bb7 3. Nf3 Nc6 4. d4 e6 5. Be2 Qe7 6. O-O O-O-O 7. c4 h5 8. Nc3
f5 9. d5 exd5 10. cxd5 g5 11. dxc6 dxc6 12. Qa4 g4 13. Ne5 Qf6 14. Qxa7 b5 15.
a4 Bd6 16. axb5 Bxe5 17. fxe5 Qe6 18. b6 cxb6 19. Ba6 Rh7 20. Qa8+ Kd7 21. Rd1+
1-0

[Event "Guernsey International Holiday 2014"]
[Site "Guernsey, GCI"]
[Date "2014.10.24"]
[Round "6"]
[White "Gstalter, Herbert"]
[Black "Zonneveld, Jos"]
[Result "1-0"]
[WhiteElo "1651"]
[BlackElo "1528"]
[PlyCount "83"]
[EventDate "2014.10.19"]
[EventType "swiss"]
[EventRounds "7"]
[SourceDate "2015.01.07"]

1. d4 d5 2. c4 dxc4 3. Nf3 e6 4. Qa4+ Bd7 5. Qxc4 Nf6 6. g3 a6 7. Bg2 Be7 8.
O-O Bb5 9. Qc2 O-O 10. Rd1 Bc6 11. Nc3 Nd5 12. a3 Nd7 13. e4 Nxc3 14. bxc3 Nb6
15. Nd2 Ba4 16. Nb3 Rb8 17. Rb1 Nc4 18. d5 e5 19. Qa2 b5 20. Re1 Bxb3 21. Rxb3
Bc5 22. Bf1 Na5 23. Rb1 Qd6 24. Kg2 f5 25. f4 Rbe8 26. fxe5 Qxe5 27. Bf4 Qxc3
28. e5 Kh8 29. Bd2 Qxa3 30. Qxa3 Bxa3 31. Bxa5 Rc8 32. Rb3 Bc5 33. Rc3 Bd4 34.
Rc6 f4 35. Bd3 fxg3 36. hxg3 Rf2+ 37. Kh1 Rff8 38. Rxc7 Rxc7 39. Bxc7 Bc3 40.
Rf1 Rc8 41. d6 Bxe5 42. d7 1-0

[Event "Guernsey International Holiday 2014"]
[Site "Guernsey, GCI"]
[Date "2014.10.24"]
[Round "6"]
[White "Finch, Russell"]
[Black "Kershaw, Graham J"]
[Result "1/2-1/2"]
[WhiteElo "1613"]
[BlackElo "1773"]
[PlyCount "40"]
[EventDate "2014.10.19"]
[EventType "swiss"]
[EventRounds "7"]
[SourceDate "2015.01.07"]

1. Nf3 d5 2. g3 c5 3. Bg2 Nf6 4. O-O Nc6 5. d3 Bg4 6. Nbd2 e5 7. e4 d4 8. a4
Be7 9. Nc4 Qc7 10. h3 Be6 11. b3 b6 12. Qe2 h6 13. Nh4 g5 14. Nf5 O-O-O 15. Bd2
Rdg8 16. Na3 a6 17. Nc4 a5 18. Rfb1 Bf8 19. Na3 Qd7 20. Nc4 Kb7 1/2-1/2

[Event "Guernsey International Holiday 2014"]
[Site "Guernsey, GCI"]
[Date "2014.10.24"]
[Round "6"]
[White "Colsen, Manuel"]
[Black "Hoogakker, Peter"]
[Result "0-1"]
[WhiteElo "1555"]
[BlackElo "1757"]
[PlyCount "76"]
[EventDate "2014.10.19"]
[EventType "swiss"]
[EventRounds "7"]
[SourceDate "2015.01.07"]

1. Nf3 Nf6 2. g3 d5 3. d4 c6 4. Bg2 Nbd7 5. O-O e6 6. Nbd2 Bd6 7. c4 O-O 8. Qc2
e5 9. e4 dxe4 10. Nxe4 Nxe4 11. Qxe4 f5 12. Qc2 e4 13. Ng5 Nf6 14. d5 Qe8 15.
c5 Be5 16. d6 h6 17. Qc4+ Kh8 18. Nh3 Be6 19. Qb4 Qd7 20. f4 Nd5 21. Qa4 Bf6
22. Re1 b6 23. Qa3 Bd4+ 24. Kh1 Bxc5 25. Qa4 Bxd6 26. a3 Nf6 27. Nf2 Bc5 28.
Rd1 Qf7 29. Qxc6 Bd5 30. Qb5 Bxf2 31. b4 Bc4 32. Qe5 Ng4 33. Qb2 Rad8 34. Rxd8
Rxd8 35. Bd2 Bd4 36. Qb1 Bxa1 37. Qxa1 Rxd2 38. h3 Qd7 0-1

[Event "Guernsey International Holiday 2014"]
[Site "Guernsey, GCI"]
[Date "2014.10.24"]
[Round "6"]
[White "Beadle, John"]
[Black "Kearsley, Raymond J"]
[Result "0-1"]
[WhiteElo "1690"]
[BlackElo "1638"]
[PlyCount "84"]
[EventDate "2014.10.19"]
[EventType "swiss"]
[EventRounds "7"]
[SourceDate "2015.01.07"]

1. e4 c5 2. Nf3 g6 3. c3 Nc6 4. Bb5 Bg7 5. d4 cxd4 6. cxd4 Qb6 7. Bxc6 bxc6 8.
O-O Nf6 9. Nc3 d5 10. e5 Nd7 11. Na4 Qc7 12. b4 a5 13. a3 O-O 14. Bf4 e6 15.
Qd2 Ba6 16. Rfc1 axb4 17. Qxb4 Rfb8 18. Qe7 Bf8 19. Qh4 Bg7 20. Qe7 Re8 21. Qh4
Be2 22. Nc3 Bxf3 23. gxf3 c5 24. Nb5 Qc6 25. Nd6 Reb8 26. Qe7 Rf8 27. Kh1 c4
28. Rg1 c3 29. h4 Nb6 30. h5 Qd7 31. Qh4 Ra4 32. Be3 Bxe5 33. hxg6 fxg6 34. Qh6
Bg7 35. Qh2 Nc4 36. Nxc4 Rxc4 37. Rg4 Rxf3 38. Rh4 Bf6 39. Rh6 Qc7 40. Qg2 Rf5
41. Rg1 Bg7 42. Rh2 c2 0-1

[Event "Guernsey International Holiday 2014"]
[Site "Guernsey, GCI"]
[Date "2014.10.24"]
[Round "6"]
[White "Jones, Tim"]
[Black "Watson, Jim"]
[Result "1/2-1/2"]
[WhiteElo "1518"]
[BlackElo "1735"]
[PlyCount "62"]
[EventDate "2014.10.19"]
[EventType "swiss"]
[EventRounds "7"]
[SourceDate "2015.01.07"]

1. e4 c5 2. Nc3 e6 3. g3 Nc6 4. Bg2 a6 5. Nf3 g6 6. d3 Bg7 7. O-O Nge7 8. Be3
d6 9. Qc1 O-O 10. Bd2 d5 11. Re1 d4 12. Ne2 e5 13. h3 Be6 14. Kh2 Kh8 15. b3
Ng8 16. Rh1 f5 17. Nfg1 fxe4 18. Qe1 e3 19. fxe3 e4 20. Rc1 exd3 21. Nf4 dxe3
22. Bxe3 Bf5 23. cxd3 Re8 24. Bf1 Nh6 25. Nf3 Nd4 26. Bg2 Nxf3+ 27. Bxf3 Bd4
28. Bxd4+ Qxd4 29. Qc3 Re7 30. Qxd4+ cxd4 31. Rhe1 Rae8 1/2-1/2

[Event "Guernsey International Holiday 2014"]
[Site "Guernsey, GCI"]
[Date "2014.10.24"]
[Round "6"]
[White "Rowe, Oliver"]
[Black "Foster, Paul"]
[Result "0-1"]
[WhiteElo "1466"]
[BlackElo "1690"]
[PlyCount "80"]
[EventDate "2014.10.19"]
[EventType "swiss"]
[EventRounds "7"]
[SourceDate "2015.01.07"]

1. e4 d5 2. exd5 Qxd5 3. Nc3 Qd6 4. d4 Nf6 5. Nf3 Bg4 6. g3 c6 7. Bg2 e6 8. a3
Qc7 9. h3 Bh5 10. Bf4 Bd6 11. Bxd6 Qxd6 12. Ne2 Nbd7 13. Nf4 Bxf3 14. Bxf3
O-O-O 15. O-O e5 16. dxe5 Nxe5 17. Bg2 Qc5 18. Qc1 Rd7 19. Re1 Rhd8 20. Qe3
Qxe3 21. Rxe3 Nc4 22. Rb3 Rd1+ 23. Rxd1 Rxd1+ 24. Kh2 Rd2 25. Nd3 Rxc2 26. Bf3
Kc7 27. Kg1 Nd2 28. Nb4 Rc1+ 29. Kg2 Nxb3 30. Nd3 Rb1 31. g4 Nd4 32. g5 Nd7 33.
Be4 g6 34. f4 c5 35. Kf2 c4 36. Ne1 Rxb2+ 37. Ke3 Ne6 38. f5 Rb3+ 39. Kd2 Nxg5
40. fxg6 Nxe4+ 0-1

[Event "Guernsey International Holiday 2014"]
[Site "Guernsey, GCI"]
[Date "2014.10.24"]
[Round "6"]
[White "Collins, Alan"]
[Black "Svenneling, Matz"]
[Result "1/2-1/2"]
[WhiteElo "1645"]
[BlackElo "1504"]
[PlyCount "48"]
[EventDate "2014.10.19"]
[EventType "swiss"]
[EventRounds "7"]
[SourceDate "2015.01.07"]

1. d4 Nf6 2. Nf3 c5 3. c3 cxd4 4. cxd4 g6 5. Bf4 d6 6. Nc3 Bg7 7. h3 O-O 8. e4
Nc6 9. Bb5 Qc7 10. O-O Rd8 11. d5 Ne5 12. Bxe5 dxe5 13. Rc1 a6 14. Bd3 Qb8 15.
Qe2 Nh5 16. Bb1 Nf4 17. Qc4 e6 18. Rcd1 exd5 19. exd5 b5 20. Qc5 Bb7 21. a4 Bf8
22. Qe3 Nxd5 23. Nxd5 Bxd5 24. axb5 axb5 1/2-1/2

[Event "Guernsey International Holiday 2014"]
[Site "Guernsey, GCI"]
[Date "2014.10.24"]
[Round "6"]
[White "Kay, Robert"]
[Black "Van Beek, Ronald"]
[Result "1-0"]
[WhiteElo "1555"]
[BlackElo "1290"]
[PlyCount "51"]
[EventDate "2014.10.19"]
[EventType "swiss"]
[EventRounds "7"]
[SourceDate "2015.01.07"]

1. d4 Nf6 2. c4 g6 3. Nf3 Bg7 4. Nc3 d6 5. e4 Nc6 6. d5 Ne5 7. Nxe5 dxe5 8. Be2
e6 9. Bg5 Bd7 10. O-O O-O 11. Qb3 Qc8 12. c5 Ne8 13. Be7 exd5 14. exd5 c6 15.
Bf3 Nf6 16. Bxf8 Bxf8 17. Qc4 b5 18. cxb6 axb6 19. dxc6 Be6 20. Qb5 Qc7 21. b4
Ra3 22. Na4 Bd5 23. Bxd5 Nxd5 24. Qxd5 Rxa4 25. Qd7 Bd6 26. Rfd1 1-0

[Event "Guernsey International Holiday 2014"]
[Site "Guernsey, GCI"]
[Date "2014.10.24"]
[Round "6"]
[White "Le Messurier, Rosemary"]
[Black "Jongerius, Marc"]
[Result "0-1"]
[WhiteElo "1210"]
[BlackElo "1701"]
[PlyCount "52"]
[EventDate "2014.10.19"]
[EventType "swiss"]
[EventRounds "7"]
[SourceDate "2015.01.07"]

1. e4 e5 2. Nc3 Nc6 3. Nf3 Nf6 4. Bb5 d6 5. h3 Bd7 6. d4 exd4 7. Nxd4 a6 8.
Nxc6 Bxc6 9. Bxc6+ bxc6 10. O-O Be7 11. Re1 Nd7 12. Bf4 Bf6 13. Qf3 O-O 14.
Rad1 Re8 15. b3 Be5 16. Bg3 Re6 17. Rd3 Nc5 18. Rde3 Bd4 19. R3e2 Rf6 20. Qg4
Bxc3 21. e5 Rg6 22. Qh4 Qxh4 23. Bxh4 Bxe1 24. Rxe1 Re6 25. f4 dxe5 26. fxe5 f6
0-1

[Event "Guernsey International Holiday 2014"]
[Site "Guernsey, GCI"]
[Date "2014.10.24"]
[Round "6"]
[White "Harnden, Terry"]
[Black "Newrick, William R"]
[Result "1-0"]
[WhiteElo "1496"]
[BlackElo "1383"]
[PlyCount "91"]
[EventDate "2014.10.19"]
[EventType "swiss"]
[EventRounds "7"]
[SourceDate "2015.01.07"]

1. e4 c5 2. Nf3 Nc6 3. d4 cxd4 4. Nxd4 e6 5. a3 g6 6. Nc3 Bg7 7. Be3 Nf6 8. f3
O-O 9. Qd2 a6 10. O-O-O d5 11. h4 e5 12. Nxc6 bxc6 13. exd5 cxd5 14. Nxd5 Nxd5
15. Qxd5 Be6 16. Qxd8 Raxd8 17. Bxa6 Rb8 18. h5 e4 19. Bd4 exf3 20. Bxg7 Kxg7
21. gxf3 Rb6 22. Be2 Rc8 23. Kb1 Rcb8 24. b4 Ra8 25. Kb2 Rc8 26. Rd2 Bf5 27.
hxg6 hxg6 28. Rc1 Re8 29. Rcd1 Re3 30. Rf1 Rc6 31. Bd3 Be6 32. Rff2 Bc4 33.
Bxc4 Rxc4 34. Rd3 Re1 35. Rc3 Rd4 36. Rd3 Rh4 37. Kb3 Ra1 38. Ka4 Rh8 39. b5
Ra8+ 40. Kb4 Rb1+ 41. Rb3 Rh1 42. c4 Rh5 43. a4 Re8 44. Rd2 Rh4 45. Rc3 Rf4 46.
Rdd3 1-0

[Event "Guernsey International Holiday 2014"]
[Site "Guernsey, GCI"]
[Date "2014.10.24"]
[Round "6"]
[White "Bennett, David"]
[Black "Brown, Jim"]
[Result "1-0"]
[WhiteElo "1360"]
[BlackElo "1195"]
[PlyCount "59"]
[EventDate "2014.10.19"]
[EventType "swiss"]
[EventRounds "7"]
[SourceDate "2015.01.07"]

1. Nf3 c6 2. d4 d6 3. Bf4 Nd7 4. Nbd2 e6 5. e4 Be7 6. Be2 h6 7. O-O Ngf6 8. c4
O-O 9. e5 dxe5 10. dxe5 Nh7 11. Qc2 Ng5 12. Rfd1 Nxf3+ 13. Nxf3 a6 14. a3 a5
15. Bd3 Bg5 16. Bxg5 hxg5 17. h3 Qe7 18. Qe2 f5 19. Bc2 g6 20. Qd3 Nc5 21. Qd6
Re8 22. Qxe7 Rxe7 23. Nxg5 Kg7 24. Rd4 b6 25. Rad1 Raa7 26. Rh4 Kg8 27. Rd6
Rac7 28. Rd8+ Re8 29. Rxe8+ Kg7 30. Rh7# 1-0

[Event "Guernsey International Holiday 2014"]
[Site "Guernsey, GCI"]
[Date "2014.10.24"]
[Round "6"]
[White "Bakkes, Frits"]
[Black "Kok, Franciscus"]
[Result "1-0"]
[WhiteElo "1630"]
[BlackElo "1514"]
[PlyCount "35"]
[EventDate "2014.10.19"]
[EventType "swiss"]
[EventRounds "7"]
[SourceDate "2015.01.07"]

1. e4 c5 2. Nf3 Nc6 3. d4 cxd4 4. Nxd4 e5 5. Nb5 Nf6 6. Bg5 h6 7. Bxf6 gxf6 8.
N1c3 a6 9. Nd6+ Bxd6 10. Qxd6 Qe7 11. Qd2 Qb4 12. O-O-O Nd4 13. Nd5 Qd6 14. Ne3
Qe7 15. c3 Ne6 16. Nf5 Qd8 17. Qd6 b5 18. Qa3 1-0

[Event "Guernsey International Holiday 2014"]
[Site "Guernsey, GCI"]
[Date "2014.10.25"]
[Round "7"]
[White "Ruigrok, Jacques"]
[Black "O'Connell, Denis"]
[Result "1/2-1/2"]
[WhiteElo "1704"]
[BlackElo "1628"]
[PlyCount "28"]
[EventDate "2014.10.19"]
[EventType "swiss"]
[EventRounds "7"]
[SourceDate "2015.01.07"]

1. e4 d5 2. exd5 Nf6 3. Nc3 Nxd5 4. d4 Nxc3 5. bxc3 g6 6. Nf3 Bg7 7. Bc4 O-O 8.
O-O c5 9. Bb2 cxd4 10. cxd4 Nc6 11. Re1 Qc7 12. Qe2 Bg4 13. Rad1 Rad8 14. c3
Qf4 1/2-1/2

[Event "Guernsey International Holiday 2014"]
[Site "Guernsey, GCI"]
[Date "2014.10.25"]
[Round "7"]
[White "Glover, John"]
[Black "Haisma, Henk"]
[Result "1/2-1/2"]
[WhiteElo "1735"]
[BlackElo "1694"]
[PlyCount "36"]
[EventDate "2014.10.19"]
[EventType "swiss"]
[EventRounds "7"]
[SourceDate "2015.01.07"]

1. Nf3 d5 2. c4 c6 3. g3 Nf6 4. b3 e6 5. Bb2 Nbd7 6. Bg2 Bd6 7. d4 O-O 8. O-O
Re8 9. Nbd2 e5 10. dxe5 Nxe5 11. Nxe5 Bxe5 12. Bxe5 Rxe5 13. cxd5 Nxd5 14. Ne4
Re8 15. e3 Be6 16. Re1 Qc7 17. Qc1 Rad8 18. a3 Nb6 1/2-1/2

[Event "Guernsey International Holiday 2014"]
[Site "Guernsey, GCI"]
[Date "2014.10.25"]
[Round "7"]
[White "Van Hoek, Wim"]
[Black "Baart, Edwin"]
[Result "1/2-1/2"]
[WhiteElo "1720"]
[BlackElo "1681"]
[PlyCount "55"]
[EventDate "2014.10.19"]
[EventType "swiss"]
[EventRounds "7"]
[SourceDate "2015.01.07"]

1. e4 e5 2. Nf3 Nc6 3. Nc3 Nf6 4. a3 Be7 5. d4 exd4 6. Nxd4 Nxd4 7. Qxd4 d6 8.
Be2 O-O 9. O-O Bg4 10. f3 Bd7 11. Be3 Bc6 12. Rad1 Qc8 13. Nd5 Bxd5 14. exd5
Nd7 15. Qd2 Bf6 16. c4 Re8 17. b4 b6 18. Rfe1 a5 19. Bd4 axb4 20. Bxf6 Nxf6 21.
axb4 Qd7 22. Ra1 Rxa1 23. Rxa1 Qe7 24. Kf2 Qe5 25. Rh1 h6 26. g3 Kf8 27. Re1
Qf5 28. Kg2 1/2-1/2

[Event "Guernsey International Holiday 2014"]
[Site "Guernsey, GCI"]
[Date "2014.10.25"]
[Round "7"]
[White "Gstalter, Herbert"]
[Black "Bateman, Kerry"]
[Result "0-1"]
[WhiteElo "1651"]
[BlackElo "1717"]
[PlyCount "52"]
[EventDate "2014.10.19"]
[EventType "swiss"]
[EventRounds "7"]
[SourceDate "2015.01.07"]

1. c4 Nf6 2. Nc3 c5 3. g3 g6 4. Bg2 Bg7 5. e3 O-O 6. Nge2 d6 7. O-O Nc6 8. h3
Rb8 9. Kh2 Bd7 10. b3 e6 11. d4 Re8 12. Bb2 Qe7 13. Re1 h5 14. Rb1 a6 15. d5
Ne5 16. f4 Neg4+ 17. hxg4 Nxg4+ 18. Kg1 Nxe3 19. Qd3 Ng4 20. Ne4 e5 21. Ng5 Bf5
22. Be4 exf4 23. Nxf4 Bxb2 24. Bxf5 Bd4+ 25. Kg2 Qxg5 26. Bxg4 Qxg4 0-1

[Event "Guernsey International Holiday 2014"]
[Site "Guernsey, GCI"]
[Date "2014.10.25"]
[Round "7"]
[White "Day, Fred"]
[Black "Cook, Chris RD"]
[Result "1-0"]
[WhiteElo "1420"]
[BlackElo "1765"]
[PlyCount "89"]
[EventDate "2014.10.19"]
[EventType "swiss"]
[EventRounds "7"]
[SourceDate "2015.01.07"]

1. c4 f5 2. d3 Nf6 3. Nc3 e6 4. g3 c6 5. Bg2 d5 6. cxd5 exd5 7. d4 Bd6 8. Nf3
Be6 9. Ng5 Qe7 10. f4 Nbd7 11. O-O O-O 12. a3 Bf7 13. Nxf7 Qxf7 14. b4 Rae8 15.
Bf3 Ng4 16. Qd3 Qh5 17. Bxg4 Qxg4 18. Rf3 Rf6 19. Bd2 Rh6 20. Rf2 Nf6 21. Qf3
Qh3 22. Qg2 Qh5 23. e3 Ng4 24. Re2 Rhe6 25. Rae1 Qf7 26. Nd1 h5 27. Qf3 Nf6 28.
Bc1 b6 29. Nb2 c5 30. Nd3 c4 31. Ne5 Bxe5 32. dxe5 Ne4 33. Kg2 b5 34. Rd1 Rd8
35. Rd4 g6 36. h4 Qc7 37. Rc2 Ra8 38. Rxd5 Qc6 39. Rd4 a5 40. bxa5 Rxa5 41. Kh2
Qc5 42. Qd1 Ra7 43. Rd8+ Kf7 44. Rh8 Kg7 45. Qd8 1-0

[Event "Guernsey International Holiday 2014"]
[Site "Guernsey, GCI"]
[Date "2014.10.25"]
[Round "7"]
[White "Hoogakker, Peter"]
[Black "Kemperink, Han"]
[Result "0-1"]
[WhiteElo "1757"]
[BlackElo "1651"]
[PlyCount "82"]
[EventDate "2014.10.19"]
[EventType "swiss"]
[EventRounds "7"]
[SourceDate "2015.01.07"]

1. e4 e5 2. Bc4 Nf6 3. d3 Bc5 4. Nf3 Nc6 5. c3 Bb6 6. O-O d6 7. Re1 Bg4 8. Nbd2
Qd7 9. Bb3 O-O-O 10. Nf1 h6 11. Ng3 g6 12. h3 Be6 13. Ba4 Qe8 14. b4 Bd7 15.
Bc2 Ng8 16. Qe2 f5 17. exf5 gxf5 18. d4 e4 19. Nh2 Nf6 20. a4 a6 21. Bb3 Ne7
22. f3 Qg6 23. Nhf1 d5 24. Rd1 c6 25. Bf4 Bc7 26. Bxc7 Kxc7 27. c4 f4 28. fxe4
dxe4 29. Nh1 Bxh3 30. Ra2 f3 31. Qf2 fxg2 32. Qg3+ Qxg3 33. Nfxg3 gxh1=Q+ 34.
Kxh1 Bg4 35. Rdd2 Bf3+ 36. Kh2 Ng4+ 37. Kg1 Rdf8 38. d5 Nf5 39. Nxf5 Rxf5 40.
b5 Rh5 41. dxc6 Rh1# 0-1

[Event "Guernsey International Holiday 2014"]
[Site "Guernsey, GCI"]
[Date "2014.10.25"]
[Round "7"]
[White "Spanjersberg, Hans"]
[Black "Stuart, Brian"]
[Result "1/2-1/2"]
[WhiteElo "1648"]
[BlackElo "1735"]
[PlyCount "29"]
[EventDate "2014.10.19"]
[EventType "swiss"]
[EventRounds "7"]
[SourceDate "2015.01.07"]

1. f4 d5 2. Nf3 g6 3. e3 Bg7 4. Be2 Nf6 5. d3 O-O 6. O-O c5 7. c3 Nc6 8. Qc2
Qc7 9. e4 e6 10. e5 Nd7 11. Na3 a6 12. d4 b5 13. Be3 c4 14. Nb1 Nb6 15. Nbd2
1/2-1/2

[Event "Guernsey International Holiday 2014"]
[Site "Guernsey, GCI"]
[Date "2014.10.25"]
[Round "7"]
[White "Kirk, Matthew"]
[Black "Savident, David B"]
[Result "1/2-1/2"]
[WhiteElo "1726"]
[BlackElo "1734"]
[PlyCount "82"]
[EventDate "2014.10.19"]
[EventType "swiss"]
[EventRounds "7"]
[SourceDate "2015.01.07"]

1. d4 d5 2. c4 e6 3. Nc3 Nf6 4. Bg5 Be7 5. e3 O-O 6. Nf3 b6 7. Bd3 Bb7 8. O-O
Nbd7 9. Rc1 c5 10. cxd5 Nxd5 11. Bxe7 Qxe7 12. Nxd5 Bxd5 13. Re1 cxd4 14. exd4
Rfc8 15. a3 Nf6 16. Qe2 Bb7 17. Ne5 Rc7 18. Rc4 Rxc4 19. Nxc4 Rc8 20. Ne3 Qd7
21. Rd1 Nd5 22. Qh5 h6 23. g3 Nf6 24. Qb5 Qxb5 25. Bxb5 Bf3 26. Ba6 Rc7 27. Rd2
Rc1+ 28. Bf1 Ne4 29. Rc2 Rxc2 30. Nxc2 Nd2 31. b4 Nxf1 32. Kxf1 b5 33. Ne1 Bd5
34. f4 Kf8 35. Kf2 Ke7 36. Ke3 Bc4 37. Nf3 f6 38. Nd2 Bd5 39. Ne4 f5 40. Nc5
Kd6 41. h4 Bc4 1/2-1/2

[Event "Guernsey International Holiday 2014"]
[Site "Guernsey, GCI"]
[Date "2014.10.25"]
[Round "7"]
[White "Kearsley, Raymond J"]
[Black "Norman, Dinah M"]
[Result "1/2-1/2"]
[WhiteElo "1638"]
[BlackElo "1735"]
[PlyCount "49"]
[EventDate "2014.10.19"]
[EventType "swiss"]
[EventRounds "7"]
[SourceDate "2015.01.07"]

1. e4 c6 2. d4 d5 3. exd5 cxd5 4. c4 Nf6 5. Nc3 g6 6. Nf3 Bg7 7. c5 O-O 8. Be2
Nc6 9. O-O Bg4 10. h3 Bxf3 11. Bxf3 e6 12. Bf4 Ne8 13. Be3 Nc7 14. Qd2 Qd7 15.
Rad1 Rfe8 16. Qc1 Rac8 17. a3 Ne7 18. b4 Nf5 19. Rfe1 Nb5 20. Nxb5 Qxb5 21. Be2
Qd7 22. Bg4 Nxe3 23. fxe3 f5 24. Be2 a6 25. Qc2 1/2-1/2

[Event "Guernsey International Holiday 2014"]
[Site "Guernsey, GCI"]
[Date "2014.10.25"]
[Round "7"]
[White "Kershaw, Graham J"]
[Black "Goman, Colin"]
[Result "1/2-1/2"]
[WhiteElo "1773"]
[BlackElo "1516"]
[PlyCount "36"]
[EventDate "2014.10.19"]
[EventType "swiss"]
[EventRounds "7"]
[SourceDate "2015.01.07"]

1. e4 d6 2. d4 Nf6 3. Nc3 g6 4. Nf3 Bg7 5. Be2 O-O 6. O-O c5 7. d5 b6 8. Bg5
Ba6 9. Bxa6 Nxa6 10. Qd3 Nb4 11. Qd2 Ng4 12. a3 f6 13. axb4 fxg5 14. Qxg5 cxb4
15. Ne2 Nf6 16. Qh4 e5 17. Ng5 Qe7 18. Ne6 Rf7 1/2-1/2

[Event "Guernsey International Holiday 2014"]
[Site "Guernsey, GCI"]
[Date "2014.10.25"]
[Round "7"]
[White "Joyeux, Gerard"]
[Black "Finch, Russell"]
[Result "1-0"]
[WhiteElo "1692"]
[BlackElo "1613"]
[PlyCount "137"]
[EventDate "2014.10.19"]
[EventType "swiss"]
[EventRounds "7"]
[SourceDate "2015.01.07"]

1. d4 Nf6 2. Nc3 g6 3. Bg5 Bg7 4. e4 d6 5. Bd3 O-O 6. Qd2 Nbd7 7. Bh6 e5 8.
Bxg7 Kxg7 9. Be2 Re8 10. O-O-O a6 11. h4 exd4 12. Qxd4 Ne5 13. h5 Nc6 14. Qe3
Rh8 15. hxg6 hxg6 16. Rxh8 Qxh8 17. Nd5 Nxd5 18. exd5 Ne5 19. Qc3 Qh6+ 20. Kb1
Bf5 21. g4 Bd7 22. Qxc7 g5 23. Qc3 Rc8 24. Qb4 Qg6 25. Bd3 Nxd3 26. Rxd3 b5 27.
Qd4+ Kg8 28. b3 f5 29. f3 Re8 30. Rd1 fxg4 31. fxg4 Qe4 32. Qf6 Bxg4 33. Qxg5+
Kh7 34. Rf1 Qg6 35. Qh4+ Kg7 36. Qf2 Rc8 37. Qd4+ Kh7 38. Rf2 Bf5 39. Rh2+ Kg8
40. Rh8+ Kf7 41. Rxc8 Bxc8 42. Ne2 Bf5 43. Qc3 Be4 44. Qc7+ Kg8 45. Qc6 Kh7 46.
Kb2 Qf6+ 47. Ka3 Qe5 48. Qd7+ Kg6 49. Qe6+ Qxe6 50. dxe6 Bxc2 51. Kb4 Kf6 52.
Nd4 Bd1 53. Ka5 Ke5 54. e7 Bh5 55. Nc6+ Kd5 56. Kb6 Be8 57. Nb4+ Ke6 58. Kxa6
Kxe7 59. Nd5+ Kf7 60. Nc7 Bd7 61. Nxb5 d5 62. Nd4 Kf6 63. Kb6 Ke5 64. Kc5 Bc8
65. a4 Ke4 66. a5 Bb7 67. b4 Ba8 68. a6 Kd3 69. b5 1-0

[Event "Guernsey International Holiday 2014"]
[Site "Guernsey, GCI"]
[Date "2014.10.25"]
[Round "7"]
[White "Foster, Paul"]
[Black "Kay, Robert"]
[Result "0-1"]
[WhiteElo "1690"]
[BlackElo "1555"]
[PlyCount "68"]
[EventDate "2014.10.19"]
[EventType "swiss"]
[EventRounds "7"]
[SourceDate "2015.01.07"]

1. e4 c5 2. Nc3 d6 3. f4 g6 4. Nf3 Bg7 5. Bc4 Nc6 6. O-O e6 7. d3 Nge7 8. Qe1
Nd4 9. Nxd4 Bxd4+ 10. Kh1 a6 11. f5 b5 12. Bb3 d5 13. fxe6 Bxe6 14. exd5 Bf5
15. Bf4 O-O 16. Bg5 Ra7 17. Qh4 Re8 18. Rae1 Qd6 19. Bxe7 Raxe7 20. Rxe7 Qxe7
21. Qf4 Qe5 22. Ne4 Qxf4 23. Rxf4 Be5 24. Rf3 Bxb2 25. d6 c4 26. g4 Bxe4 27.
dxe4 cxb3 28. cxb3 Rd8 29. Rd3 Rd7 30. Rd5 f6 31. g5 Kf7 32. Kg2 Be5 33. gxf6
Kxf6 34. h4 Ke6 0-1